|
|
|
|
| LEADER |
00722nam a22001937a 4500 |
| 008 |
200104b2019 ii ||||| |||| 00| d mal d |
| 020 |
|
|
|a 9789386429735
|
| 041 |
|
|
|a mal
|
| 082 |
|
|
|2 852.2D1
|
| 100 |
1 |
|
|a ദാമോദരൻ, കെ.,
|9 97427
|d 1912-1976
|
| 245 |
|
|
|a പാട്ടബാക്കി /
|c കെ ദാമോദരൻ
|
| 246 |
|
|
|a Pattabakki
|
| 250 |
|
|
|a 5th ed
|
| 260 |
|
|
|a തൃശൂർ :
|b കറന്റ് ബുക്സ്,
|c 2019.
|
| 300 |
|
|
|a 48pages.
|
| 650 |
|
7 |
|2 fast
|9 1069244
|a Malayalam drama
|
| 942 |
|
|
|c BK
|
| 999 |
|
|
|c 347237
|d 347237
|
| 952 |
|
|
|0 0
|1 0
|2 ddc
|4 0
|6 852_000000000000000_2D1_PAT
|7 0
|9 400087
|a MAL
|b MAL
|c ST1
|d 2020-01-04
|g 50.00
|i 40601
|l 0
|o 852.2D1 PAT
|p MAL40601
|r 2020-01-04
|w 2020-01-04
|y BK
|